000 00303nam a22001097a 4500
008 170105b xxu||||| |||| 00| 0 eng d
020 _a0721618154
041 _aeng
080 _24TH
_a168.2
245 _aENCYCLOPEDIA AND DICTIONARY OF MEDICINE, NURSING AND ALLIED HEALTH
_cMILLER & KEANE
942 _2udc
_cBK
999 _c2588
_d2588